| 000 | 00804nam a22001937a 4500 | ||
|---|---|---|---|
| 999 |
_c8161 _d8161 |
||
| 020 | _a9789988128333 | ||
| 050 |
_aHQ766 _b.As4 |
||
| 100 | _aAsiedu Christiana | ||
| 245 |
_aFamily planning: _bThe legacy of a healthy living _cAsiedu Christiana; Sabina Abena Bilson |
||
| 260 |
_aGhana _bUCC Press _c2016 |
||
| 300 |
_axv,454p.: _bill.,and some cols _c24cm. |
||
| 500 | _aIncludes references | ||
| 505 | _a-Background of population and family planning. -Human sexuality/ reproduction.Concept of family planning and -contraception -Family planning methods. - quality family planning services -Infection prevention | ||
| 650 | _aBirth control -- Congresses. | ||
| 650 | _a Public health -- Congresses. | ||
| 650 | _a Family Planning Services. | ||
| 700 | _aSabina Abena Bilson | ||
| 942 | _cBK | ||